The imagination of Jean Genet / (Record no. 9199)
[ view plain ]
| 000 -LEADER | |
|---|---|
| fixed length control field | 00956pam a2200289 i 4500 |
| 001 - CONTROL NUMBER | |
| JCCL Control Number | 9199 |
| 003 - CONTROL NUMBER IDENTIFIER | |
| JCCL marc code | BD-JhCC |
| 005 - DATE AND TIME OF LATEST TRANSACTION | |
| control field | 20180310195435.0 |
| 008 - FIXED-LENGTH DATA ELEMENTS--GENERAL INFORMATION | |
| fixed length control field | 800522r1980 ctu b 001 0 eng |
| 020 ## - INTERNATIONAL STANDARD BOOK NUMBER | |
| International Standard Book Number | 0313224307 (lib. bdg.) |
| 035 ## - SYSTEM CONTROL NUMBER | |
| system control number | (BD-JhCC)9199 |
| 040 ## - CATALOGING SOURCE | |
| Original cataloging agency | DLC |
| Transcribing agency | DLC |
| Modifying agency | DLC |
| -- | BD-JhCC |
| 041 ## - LANGUAGE CODE | |
| Language code of Book | eng |
| 050 10 - LIBRARY OF CONGRESS CALL NUMBER | |
| Classification number | PQ2613.E53 |
| Item number | Z77 1980 |
| 082 00 - DEWEY DECIMAL CLASSIFICATION NUMBER | |
| Classification number | 842/.912 |
| Author mark and Year | MCM 1980 |
| 100 1# - MAIN ENTRY--PERSONAL NAME | |
| Personal name | McMahon, Joseph H. |
| 245 14 - TITLE STATEMENT | |
| Title | The imagination of Jean Genet / |
| Statement of responsibility, etc | by Joseph H. McMahon. |
| 260 ## - PUBLICATION, DISTRIBUTION, ETC. (IMPRINT) | |
| Place of publication, distribution, etc | Westport, Conn. : |
| Name of publisher, distributor, etc | Greenwood Press, |
| Date of publication, distribution, etc | 1980, c1963. |
| 300 ## - PHYSICAL DESCRIPTION | |
| Pagination | viii, 273 p. ; |
| Dimensions | 23 cm. |
| 500 ## - GENERAL NOTE | |
| General note | Reprint of the ed. published by Yale University Press, New Haven, issued as 2d ser., 10 of Yale Romanic studies. |
| 500 ## - GENERAL NOTE | |
| General note | Includes index. |
| 504 ## - BIBLIOGRAPHY, ETC. NOTE | |
| Bibliography, etc | Bibliography: p. 265-267. |
| 600 10 - SUBJECT ADDED ENTRY--PERSONAL NAME | |
| Personal name | Genet, Jean, |
| Dates associated with a name | 1910-1986 |
| General subdivision | Criticism and interpretation. |
| 830 #0 - SERIES ADDED ENTRY--UNIFORM TITLE | |
| Uniform title | Yale Romanic studies ; |
| Volume number/sequential designation | 2d ser., 10. |
| 942 ## - ADDED ENTRY ELEMENTS (KOHA) | |
| Source of classification or shelving scheme | Dewey Decimal Classification |
| Koha item type | Books |
| Source of classification or shelving scheme | Damaged status | Not for loan | Home library | Current library | Shelving location | Date of accession | Total Checkouts | Full call number | Barcode | Date last seen | Copy number | Koha item type |
|---|---|---|---|---|---|---|---|---|---|---|---|---|
| Dewey Decimal Classification | JCC Rouf Library | JCC Rouf Library | General Stacks | 03/10/2018 | 842/.912 MCM 1980 | 12339 | 03/10/2018 | C-1 | Books |